| 000 | 01380cam a2200313 i 4500 | ||
|---|---|---|---|
| 001 | 107751 | ||
| 005 | 20230410142339.0 | ||
| 008 | 120913b2011 enk g qd 001 0 eng d | ||
| 020 | _a9780857201140 (hbk.) | ||
| 020 | _a085720114X (hbk.) | ||
| 041 | 0 | _aeng | |
| 050 | 1 | 4 |
_aBV 4647 _bC647l 2011 |
| 082 | 0 | 0 | _a248.4 |
| 100 | 1 | _aCloud, Henry. | |
| 245 | 1 | 4 |
_aThe law of happiness : _bhow spiritual wisdom and modern science can change your life / _cHenry Cloud. |
| 246 | 3 | 0 | _aThe law of happiness. |
| 260 |
_aLondon : _bSimon & Schuster, _c2011. |
||
| 300 |
_axiii, 208 p. ; _c20 cm. |
||
| 500 | _a"The secret things of god" | ||
| 504 | _aIncludes bibliographical references and notes | ||
| 505 | 0 | _aThe science of happiness; --- Happy people are givers; --- Happy people are not lazy about happiness; --- Happy people don't wait for "someday"; --- Happy people pursue goals; --- Happy people fully engage; --- Happy people connect; --- Happy people don't compare themselves; --- Happy people think well; --- Happy people are grateful; --- Happy people have boundaries; --- Happy people forgive; --- Happy people have a callling; --- Happy people have faith. | |
| 650 | 0 | _aChristian life. | |
| 650 | 0 |
_aHappiness _xReligious aspects _xChristianity. |
|
| 650 | 0 | _aHappiness. | |
| 650 | 4 | _aVida cristiana | |
| 650 | 4 | _aFelicidad | |
| 942 |
_2lcc _cbk |
||
| 946 | _aPP | ||
| 999 |
_c94016 _d94016 |
||